VALORANT Maps to Country - Statistics

General Stats
  • This quiz has been taken 416 times
    310 since last reset
  • The average score is 7 of 11
Answer Stats
Map Answer % Correct
Breeze {Bermuda} Triangle
84%
Bind Morocco
73%
Split Japan
71%
Icebox Russia
70%
Sunset United States
67%
Ascent Italy
64%
Lotus India
55%
The Range Italy
55%
Pearl Portugal
48%
Fracture United States
45%
Haven Bhutan
22%
No matching quizzes found
Score Distribution
Percent of People with Each Score
Percentile by Number Answered
Your Score History
You have not taken this quiz since the last reset